00990nas a2200229Ia 4500001001100000003000900011008004100020040001300061040001300074041001300087100005000100210001900150222001900169245010400188250001100292260002400303501008600327300001700413362002500430500026200455650004300717R131/48729IT-RoPAU151124c99999999xx |||||||||||| ||und|| aIT-RoPAU cIT-RoPAU aFRANCESE aRoche Marie-TheresegCodice Aut. SPICS: 43332 aMEDIASPOUVOIRS aMediaspouvoirs aMEDIASPOUVOIRS, N.05 (DICEMBRE 1986)bCote D'Azur (La): un Marche'-Test Pour L'Audiovisuel Regional a1a ed. aPARISbBAYARDc1986 bPaulus - SPICS - Società San Paolo EM (non-commercial uses only)cCopyright2015 a8 p. [28-35] aN.05 (DICEMBRE 1986) aCosta Azzurra: un Mercato Test per L'Audiovisivo Regionale. con Televisione e Radio Regionali, una Rete Cablata a Nizza e una Quindicina di Radio Locali, la Costa Azzurra è il Laboratorio Francese dell'Audiovisivo Regionale. Prospettive Economiche Buone S aCOMUNICAZIONEvPUBBLICAZIONE PERIODICA